[Event "Challenge 3"]
[Site "http://www.queenalice.com/game.php?id=1089535"]
[Date "2012.8.2"]
[Round "-"]
[White "pj"]
[Black "Burkina_Fasso"]
[Result "0-1"]
[WhiteElo "1538"]
[BlackElo "2123"]

1. e4 e5 2. c4 Nf6 3. f3 g6 4. d3 Bg7 5. g4 d6 6. g5 Nfd7 7. h4 f6 8. b4 O-O 9.
a4 Nc6 10. Ba3 fxg5 11. hxg5 Qxg5 12. Qb3 Nd4 13. Qa2 Qg3+ 14. Qf2 Nc2+ 15. Ke2
Qxf2+ 16. Kxf2 Nxa1 17. b5 Nc5 18. a5 Nab3 19. Ne2 Nxa5 20. Nbc3 c6 21. bxc6
bxc6 22. Bb4 Nab3 23. Ng3 Nd2 24. Ke2 Nxf3 25. Ke3 Nd4 26. Kd2 Rf2+ 27. Ke1 Rb2
28. Ba5 Rab8 29. Bc7 R8b3 30. Nce2 Nxd3+ 31. Kd1 Ra3 32. Nc1 Ra1 33. Bxd3 Bg4+
34. Ne2 Bxe2+ 35. Bxe2 Nxe2 36. Ke1 Rxc1+ 37. Kf2 Rxh1 38. Bxd6 Rh3 39. Kg2 Nf4+
40. Kg1 Rd3 41. Bb4 Rd1+ 42. Be1 Rxe1# 0-1

[Event "AUTO-OPEN-2756"]
[Site "http://www.queenalice.com/game.php?id=1089578"]
[Date "2012.8.2"]
[Round "1"]
[White "Burkina_Fasso"]
[Black "Andrez"]
[Result "1-0"]
[WhiteElo "2143"]
[BlackElo "1914"]

1. d4 f5 2. c4 Nf6 3. Nc3 e6 4. Nf3 b6 5. g3 Bb7 6. Bg2 a5 7. O-O Be7 8. Bg5 O-O
9. Qd3 Ne4 10. Bxe7 Qxe7 11. Nd2 d5 12. cxd5 exd5 13. Rac1 Na6 14. a3 Rae8 15.
Nxd5 Bxd5 16. Qxa6 Qd7 17. Rfd1 f4 18. Bxe4 Bxe4 19. Nxe4 Rxe4 20. Qc4+ Kh8 21.
Qd3 Rxe2 22. Qxe2 f3 23. Qc4 Qh3 24. Qf1 Qd7 25. Rc3 Qg4 26. Rxc7 h5 27. d5 h4
28. d6 hxg3 29. hxg3 Kh7 30. Rc4 Qh5 31. Rh4 Qxh4 32. gxh4 1-0

[Event "AUTO-OPEN-2756"]
[Site "http://www.queenalice.com/game.php?id=1089579"]
[Date "2012.8.2"]
[Round "1"]
[White "Andrez"]
[Black "Burkina_Fasso"]
[Result "0-1"]
[WhiteElo "2074"]
[BlackElo "2125"]

1. f4 d5 2. Nf3 Nf6 3. e3 Bg4 4. Be2 Nbd7 5. b3 c6 6. Bb2 Qc7 7. O-O Bxf3 8.
Bxf3 e5 9. fxe5 Nxe5 10. a4 Bd6 11. h3 O-O-O 12. Na3 Rhe8 13. Be2 Ne4 14. Bg4+
Nxg4 15. hxg4 Bh2+ 16. Kh1 Re6 17. Rf3 Rh6 18. Bxg7 Rh4 19. Bf6 Nxf6 20. Qe1
Bg3+ 21. Kg1 Bxe1 22. Rxe1 Qh2+ 0-1

[Event "Challenge 4"]
[Site "http://www.queenalice.com/game.php?id=1093040"]
[Date "2012.8.14"]
[Round "-"]
[White "Burkina_Fasso"]
[Black "pj"]
[Result "1-0"]
[WhiteElo "2124"]
[BlackElo "1560"]

1. e4 e5 2. f4 exf4 3. Nf3 f6 4. d4 a5 5. Bxf4 g5 6. Nxg5 fxg5 7. Qh5+ Ke7 8.
Bxg5+ Nf6 9. Bc4 Qe8 10. Bxf6+ Kxf6 11. O-O+ Ke7 12. Qg5+ Kd6 13. Rf6+ Ke7 14.
Ra6# 1-0

[Event "Challenge 5"]
[Site "http://www.queenalice.com/game.php?id=1093058"]
[Date "2012.8.14"]
[Round "-"]
[White "pj"]
[Black "Burkina_Fasso"]
[Result "0-1"]
[WhiteElo "1530"]
[BlackElo "2135"]

1. e4 e5 2. h4 Nf6 3. d3 Nc6 4. c3 d5 5. b4 dxe4 6. b5 Na5 7. dxe4 Qxd1+ 8. Kxd1
Nxe4 9. Ke1 Bc5 10. Be3 Bxe3 11. fxe3 Ng3 12. Rh2 Be6 13. Nf3 f6 14. Kf2 Nxf1
15. Kxf1 Bc4+ 16. Kf2 Bxb5 17. Na3 Bc6 18. Rd1 Ke7 19. h5 h6 20. Nh4 Rhd8 21.
Rxd8 Rxd8 22. Nf5+ Kf7 23. Rh3 Rd2+ 24. Kg3 Rxg2+ 25. Kh4 Rxa2 26. Nb1 Be4 27.
Rg3 Bxf5 28. c4 Rh2+ 29. Rh3 Rxh3# 0-1

[Event "Let's Play Chess!"]
[Site "http://www.queenalice.com/game.php?id=1101697"]
[Date "2012.9.10"]
[Round "-"]
[White "nereu"]
[Black "Burkina_Fasso"]
[Result "0-1"]
[WhiteElo "1427"]
[BlackElo "2137"]

1. e4 Nf6 2. e5 Nd5 3. d4 d6 4. Bc4 Nb6 5. Qe2 Nc6 6. Nf3 d5 7. Bb3 Bg4 8. Qb5
Bxf3 9. gxf3 Qd7 10. Qe2 Nxd4 11. Qe3 c5 12. a3 a5 13. Ba2 Nxc2+ 14. Ke2 Nxe3
15. Kxe3 Nc4+ 16. Bxc4 dxc4 17. Nc3 Qd3+ 18. Kf4 g5+ 19. Kxg5 Rg8+ 20. Kf4 Bh6#
0-1

[Event "Let's Play Chess!"]
[Site "http://www.queenalice.com/game.php?id=1111065"]
[Date "2012.10.10"]
[Round "-"]
[White "charles31"]
[Black "Burkina_Fasso"]
[Result "0-1"]
[WhiteElo "1705"]
[BlackElo "2149"]

1. e4 Nf6 2. Nc3 e5 3. Bc4 Bc5 4. Nf3 Nc6 5. a3 d6 6. h3 O-O 7. d3 Nd4 8. Bg5 h6
9. Be3 c6 10. g4 d5 11. exd5 cxd5 12. Ba2 Nxf3+ 13. Qxf3 d4 14. Bxh6 dxc3 15.
bxc3 gxh6 16. Qe3 Bxe3 17. fxe3 Qa5 18. Kd2 Nd5 19. Bxd5 Qxd5 20. e4 Qc6 21.
Rab1 Rd8 22. Rhe1 h5 23. gxh5 Bxh3 0-1